LEADER 01554nam a2200301 i 4500 001 000000177042 003 CaOOAMICUS 005 20090113000000.0 008 090113s2008 it u000 u ita u 013 $a154545 020 $a978-88-215-6379-9 040 $aSeMil$bita 100 1 $aComastri, Angelo,$c.$0(OLS)http://semarc/name/5864 245 10$aNon abbiate paura! :$bGiovanni Paolo 2., l'inizio del pontificato /$cAngelo Comastri ; Stanislaw Dziwisz ; Vincenzo Paglia ; [trad. dal polacco di Angelo Bonaguro]. 260 $aCinisello Balsamo :$bSan Paolo,$c[2008] 300 $a108 p. ;$c22 cm. 490 0 $aDimensioni dello spirito : collana di classici del pensiero cristiano moderno ;$v134 600 04$aGiovanni Paolo II .$0(OLS)http://semarc/subject/5525 700 1 $aBonaguro, Angelo.$0(OLS)http://semarc/name/63264 700 1 $aDziwisz, Stanislaw <1939- >.$0(OLS)http://semarc/name/38740 700 1 $aPaglia, Vincenzo,$c.$0(OLS)http://semarc/name/90485 830 0$aDimensioni dello spirito ;$v134.$0(OLS)http://semarc/title/428593 850 $aSeMil 852 $aSeMil$W1$xVenegono$y1$m2A II 474$j127856$B127856$CSeMilBibl$Z2$F138708 $81 961 $aOmaggio: Braccini Annamaria 996 $6020$a978-88-215-6379-9$9(OLS)http://semarc/number/165767 996 $6245$aNon abbiate paura! :$bGiovanni Paolo 2., l'inizio del pontificato$9(OLS)http://semarc/title/254237 996 $6260$aCinisello Balsamo :$bSan Paolo$9(OLS)http://semarc/publisher/30129 LEADER 01313nam a2200241 4500 001 000000336227 003 CaOOAMICUS 005 20190827103232.0 008 190827s1782 it 000 u ita r 026 $atea. l-e- i-e- alne (3) 1782 (R) 040 $aSeMil$bita 245 00$aLettera 1. Sulla condotta da lui tenuta in questo affare. 264 1$aIn Piacenza. E si vende in Cremona :$bpresso Lorenzo Manini, ed altri libraj,$c1782. 300 $a124, [4] p. ;$c8° 500 $aSegn.: A-H? 700 11$aTamburini, Pietro,$d<1737-1827>.$0(OLS)http://semarc/name/71026 752 $aIT$dPiacenza 773 0 $aTamburini, Pietro <1737-1827>$tLettere di un teologo piacentino a monsignor Nani vescovo di Brescia sul rumore eccitato da alcuni suoi teologi contra l'analisi del libro delle Prescrizioni di Tertulliano.$dIn Piacenza. E si vende in Cremona : presso Lorenzo Manini, ed altri libraj, 1782-1785.$w()336226 850 $aSeMil 852 $aSeMil$W1$xVenegono$y1$m3X III 129 FA$j215529$B228032$CSeMilBibl$Z2$F228032 $8I 996 $6245$aLettera 1. Sulla condotta da lui tenuta in questo affare$9(OLS)http://semarc/title/425506 996 $6264$aIn Piacenza. E si vende in Cremona :$bpresso Lorenzo Manini, ed altri libraj$9(OLS)http://semarc/publisher/58523